000 01954nam a2200361 i 4500
001 194551
003 ES-MaACL
005 20250829091719.0
007 ta
008 240506s2023 sp ||||| |||| 00| 0 spa d
017 _aM 33933-2023
_bOficina del Depósito legal Madrid
020 _a9788490918371
_qEdición impresa
020 _a9788490918388
_qEdición en línea
040 _bspa
_cES-MaACL
100 _aBarrado Navascués, David
_9236201
245 1 0 _aCosmografía en la Antiguedad:
_bMesopotamia y el mundo grecorromano /
_cDavid Barrado Navascués.
250 _aDiciembre: 2023
260 _a[Madrid] :
_bInstituto Nacional de Técnica Aerospacial,
_c[2023]
300 _a431 páginas ;
_c24 cm
336 _2rdacontent
_atexto
337 _2rdamedia
_asin mediación
338 _2rdacarrier
_avolumen
504 _aBibliografía: páginas 410-431
520 _aEste volumen es el primero de los tres libros que completan el segundo doctorado del David Barrado Navascués. En esta primera obra, persigue uno de los temas más esquivos de la Antigüedad: el origen, estudio y concepción de la cosmografía. El enfoque analítico se circunscribe a Mesopotamia y al mundo grecorromano, constituyendo un punto de encuentro entre los aficionados a la cosmografía y los amantes de la Historia Antigua. El bagaje académico del libro se complementa con un estilo fácil, ameno y didáctico, creando una obra apta tanto para expertos como para principiantes.
650 7 _aCosmografía-
_vHistoria
_2
_9157219
852 _aES-MaACL
_bR.154967
_cDEPOJ
_jN-9750
_hDonación: David Barrado Navascués
_9202164
_xEncuadernación rústica
903 _9236201
_aBarrado Navascués, David
942 _n0
_cMONOGRAFIA
999 _c194551
_d194551